Facons de dire, facons de faire : la laveuse, la couturiere, la cuisiniere
Αποθηκεύτηκε σε:
| Κύριος συγγραφέας: | |
|---|---|
| Μορφή: | Βιβλίο |
| Γλώσσα: | French |
| Δημοσίευση: |
Paris :
Gallimard,
1979
|
| Σειρά: | Bibliotheque des sciences humaines
|
| Θέματα: | |
| Ετικέτες: |
Προσθήκη ετικέτας
Δεν υπάρχουν, Καταχωρήστε ετικέτα πρώτοι!
|
MARC
| LEADER | 00000nam a2200000 i 4500 | ||
|---|---|---|---|
| 001 | 1/81945 | ||
| 008 | 970114s1979 fre d | ||
| 020 | |a 2-07-028246-5 | ||
| 035 | |l 10005404 | ||
| 040 | |a GR-MY-UA |b gre |e aacr | ||
| 041 | 0 | |a fre | |
| 082 | 0 | |a 305.42094442 | |
| 100 | 1 | |a Verdier, Yvonne. | |
| 245 | 1 | 0 | |a Facons de dire, facons de faire : |b la laveuse, la couturiere, la cuisiniere / |c Yvonne Verdier |
| 260 | |a Paris : |b Gallimard, |c 1979 | ||
| 300 | |a 347 p. | ||
| 490 | 1 | |a Bibliotheque des sciences humaines | |
| 504 | |a Includes bibliographical references | ||
| 650 | 0 | 0 | |a Women |z France. |
| 650 | 0 | 0 | |a Rural women |x Social conditions. |
| 830 | 0 | |a Bibliotheque des sciences humaines | |
| 852 | |a INST |b LESVOS |e 19970114 |h 305.42094442 VER |p 005100012307 |q 005100012307 |t BK |y 0 | ||
| 909 | |a Λ |b 007368 | ||